Jackson`s leading cases on the law of rating. (Record no. 92304)

MARC details
000 -LEADER
fixed length control field 00801cam a2200253 4500
001 - CONTROL NUMBER
control field J2304
008 - FIXED-LENGTH DATA ELEMENTS--GENERAL INFORMATION
fixed length control field 090401t1994 xxu||||| |||| 00| 0 eng d
035 ## - SYSTEM CONTROL NUMBER
System control number (Sirsi) u48228
041 ## - LANGUAGE CODE
Language code of text/sound track or separate title eng
050 ## - LIBRARY OF CONGRESS CALL NUMBER
Classification number 336.21026
100 ## - MAIN ENTRY--PERSONAL NAME
Personal name Jackson, Edward
245 ## - TITLE STATEMENT
Title Jackson`s leading cases on the law of rating.
260 ## - PUBLICATION, DISTRIBUTION, ETC.
Place of publication, distribution, etc. Liverpool
Name of publisher, distributor, etc. Liverpool John Moores University
Date of publication, distribution, etc. 1994
300 ## - PHYSICAL DESCRIPTION
Extent 273,(17)p. ; 30cm.
350 ## - PRICE (NR) (BK AM CF MU VM SE) [OBSOLETE]
Price 0
520 ## - SUMMARY, ETC.
Summary, etc. A reprint of a work originally published by Butterworths in 1963. This edition published jointly with the RICS Rating Diploma Section.
650 ## - SUBJECT ADDED ENTRY--TOPICAL TERM
Topical term or geographic name entry element JACKSONS LEADING CASES ON THE LAW OF RATING
650 ## - SUBJECT ADDED ENTRY--TOPICAL TERM
Topical term or geographic name entry element LAW CASES
650 ## - SUBJECT ADDED ENTRY--TOPICAL TERM
Topical term or geographic name entry element RATES
650 ## - SUBJECT ADDED ENTRY--TOPICAL TERM
Topical term or geographic name entry element RICS RATING DIPLOMA SECTION
690 ## - LOCAL SUBJECT ADDED ENTRY--TOPICAL TERM (OCLC, RLIN)
Topical term or geographic name as entry element RATING AND VALUATION
942 ## - ADDED ENTRY ELEMENTS (KOHA)
Suppress in OPAC 0
948 ## - LOCAL PROCESSING INFORMATION (OCLC); SERIES PART DESIGNATOR (RLIN)
c (OCLC) 04/03/1997
Holdings
Withdrawn status Lost status Source of classification or shelving scheme Damaged status Not for loan Home library Current library Shelving location Date acquired Total Checkouts Full call number Barcode Date last seen Copy number Price effective from Koha item type
    Dewey Decimal Classification     London London Folio 23/05/1994   F336.21026 30041602 06/08/2019 1 06/08/2019 Reference material